000 00865nam a22002417a 4500
999 _c41809
_d41809
001 12786
003 CO-MdFUSB
005 20171117115324.0
008 171117t2005 sp ||||| |||| 00| 0 spa d
020 _a84-301-1568-4
040 _aCO-MdFUSB
_bspa
_cCO-MdFUSB
_dCO-MdFUSBC
_erda
041 0 _aspa
082 0 4 _aG 226 K663q
100 1 _aKloppenborg, John S.
_eautor
245 1 0 _aQ
_b: El evangelio desconocido
_c/ John S. Kloppenborg; J.P. Tosaus, Traductor
264 4 _aSalamanca :
_bSígueme,
_c©2005
300 _a430 Pag
336 _2rdacontent
_atexto
_btxt
337 _2rdamedia
_asin mediación
_bn
338 _2rdacarrier
_avolumen
_bnc
505 0 0 _a- Q y el problema sinóptico - Naturaleza y reconstrucción de Q - La composición y el género del evangelio Q de dichos - El documento Q y la gente Q - Una lectura de Q en Galilea
942 _cBK